| 000 | 00686 a2200229 4500 | ||
|---|---|---|---|
| 003 | Nust | ||
| 005 | 20170207154045.0 | ||
| 010 | _a 2008007761 | ||
| 020 | _a0415369304 (hardback : alk. paper) | ||
| 020 | _a9780415369305 (hardback : alk. paper) | ||
| 035 | _a(OCoLC)202543828 | ||
| 040 | _cNust | ||
| 082 | 0 | 0 | _a418/.0203 |
| 245 | 0 | 0 |
_aRoutledge encyclopedia of translation studies(E-BOOK) _cedited by Mona Baker and Gabriela Saldanha. |
| 250 | _a2nd ed. | ||
| 260 |
_aLondon ; _aNew York : _bRoutledge, _c2009. |
||
| 300 |
_axxii, 674 p. : _bill. ; _c26 cm. |
||
| 650 | 0 | _aTranslating and interpreting | |
| 651 | _aE-BOOK | ||
| 700 | 1 | _aBaker, Mona. | |
| 700 | 1 | _aSaldanha, Gabriela. | |
| 942 |
_2ddc _cBK |
||
| 999 |
_c192836 _d192836 |
||